Normal view MARC view
  • BHARTI, DR. RAJENDRA KUMAR AND OTHERS

Entry Personal Name

Number of records used in: 1

001 - CONTROL NUMBER

  • control field: 8593

003 - CONTROL NUMBER IDENTIFIER

  • control field: JRU

005 - DATE AND TIME OF LATEST TRANSACTION

  • control field: 20241024151147.0

008 - FIXED-LENGTH DATA ELEMENTS

  • fixed length control field: 241024|| aca||aabn | a|a d

040 ## - CATALOGING SOURCE

  • Original cataloging agency: JRU
  • Transcribing agency: JRU

100 ## - HEADING--PERSONAL NAME

  • Personal name: BHARTI, DR. RAJENDRA KUMAR AND OTHERS

670 ## - SOURCE DATA FOUND

  • Source citation: Work cat.: (JRU)8723: BHARTI, DR. RAJENDRA KUMAR AND OTHERS, A TEXTBOOK OF COMPUTER NETWORKS , 2022